00903nam a22002057a 450000500170000000800410001702000390005802000430009705000210014024501310016125000220029226000700031430000580038449000430044265000430048565100290052870000390055770000510059670000500064720240116140336.0240109b sp ||||| |||| 00| 0 spa d a9788481099973 (Galaxia Gutenberg)  a9788467252163 (Círculo de Lectores) 04aDP63 bH48 201300aHistoria de la nación y del nacionalismo españolc / A. Morales Moya, J. P. Fusi Aizpurúa y A. de Blas Guerrero (Dirs.). aPrimera edición aBarcelona : bGalaxia Gutenberg : bCírculo de Lectores, c2013 aix, 1518 páginas : bilustraciones, mapas ; c25 cm0 aSerie Ensayo (Galaxia Gutenberg (Firm) 72lembaNacionalismozEspañaxHistoria 72lembaEspañaxHistoria1 aMorales Moya, Antonio. eDirector1 aFusi Aizpurúa, Juan Pablo, d1945-eDirector1 aBlas Guerrero, Andrés de, d1947-eDirector